|
|
|
|
| LEADER |
00967nam a2200265 a 4500 |
| 001 |
2311 |
| 003 |
BD-DhAAL |
| 008 |
090615s1981 nyua b 001 0 eng d |
| 999 |
|
|
|c 1394
|d 1394
|
| 010 |
|
|
|a 80014707
|
| 020 |
|
|
|a 0070391440 :
|c $18.95 (est.)
|
| 040 |
|
|
|a DLC
|c DLC
|d DLC
|d BD-DhAAL
|
| 082 |
0 |
0 |
|a 658.3
|2 23
|
| 100 |
1 |
|
|a Luthans, Fred.
|9 40412
|
| 245 |
1 |
0 |
|a Organizational behavior /
|c Fred Luthans.
|
| 250 |
|
|
|a Third edition
|
| 260 |
|
|
|a New York :
|b McGraw-Hill,
|c c1981.
|
| 300 |
|
|
|a xxii, 666, 14 pages :
|b illustrations ;
|c 24 cm.
|
| 490 |
0 |
|
|a McGraw-Hill series in management
|
| 504 |
|
|
|a Includes bibliographical references and index.
|
| 541 |
1 |
|
|e 00002311
|
| 650 |
|
0 |
|a Organizational behavior.
|9 40413
|
| 852 |
4 |
|
|a Ayesha Abed Library
|j General Stacks
|
| 942 |
0 |
0 |
|0 3
|2 ddc
|c BK
|
| 952 |
|
|
|0 0
|1 0
|2 ddc
|4 0
|6 658_400000000000000_LUT_1981
|7 0
|9 1273
|a BRACUL
|b BRACUL
|c GEN
|d 2009-06-25
|g 239.00
|l 12
|m 61
|o 658.4 LUT
|p 3010002311
|r 2022-04-17
|s 2022-04-07
|t 1
|w 2009-06-25
|y BK
|